1979 Annual Report River and Climatological Data of Pakistan Vol - III (Part - B) (Record no. 542666)
[ view plain ]
| 000 -LEADER | |
|---|---|
| fixed length control field | 00486nam a22001337a 4500 |
| 082 ## - DEWEY DECIMAL CLASSIFICATION NUMBER | |
| Classification number | 353.78 |
| Author Mark | PAK |
| -- | D |
| 110 ## - MAIN ENTRY--CORPORATE NAME | |
| Corporate name or jurisdiction name as entry element | Surface Water Hydrology Project H & SA Org Wapda Lahore |
| 9 (RLIN) | 37928 |
| 245 ## - TITLE STATEMENT | |
| Title | 1979 Annual Report River and Climatological Data of Pakistan Vol - III (Part - B) |
| 260 ## - PUBLICATION, DISTRIBUTION, ETC. | |
| Place of publication, distribution, etc. | lahore |
| Name of publisher, distributor, etc. | Surface Water Hydrology Project H & SA Org Wapda Lahore |
| Date of publication, distribution, etc. | 1979 |
| 300 ## - PHYSICAL DESCRIPTION | |
| Extent | Various pages |
| Dimensions | 26 cm |
| 526 ## - STUDY PROGRAM INFORMATION NOTE | |
| Program name | 0 |
| Interest level | 0 |
| Reading level | 0 |
| Title point value | 353_780000000000000_PAK |
| 650 ## - SUBJECT ADDED ENTRY--TOPICAL TERM | |
| Topical term or geographic name entry element | MCE |
| 9 (RLIN) | 379 |
| 942 ## - ADDED ENTRY ELEMENTS (KOHA) | |
| Source of classification or shelving scheme | |
| Koha item type | Book |
| Withdrawn status | Lost status | Source of classification or shelving scheme | Damaged status | Not for loan | Permanent Location | Current Location | Date acquired | Total Checkouts | Full call number | Barcode | Date last seen | Price effective from | Koha item type |
|---|---|---|---|---|---|---|---|---|---|---|---|---|---|
| Military College of Engineering (MCE) | Military College of Engineering (MCE) | 02/11/2014 | 353.78 PAK | MCE-41164 | 02/11/2014 | 02/11/2014 | Book |
